000
00294nam a22001337a 4500
008
181023b xxu||||| |||| 00| 0 eng d
020
_a
9780742541122
041
_a
eng
080
_a
320
100
_a
21
101
_a
SHP
245
_a
Globalization & Militarism
_c
Enloe,C
942
_2
udc
_c
BK
999
_c
50571
_d
50571